MANAGEMENT INFORMATION SYSTEMS: HARNESSING TECHNOLOGIES FOR BUSINESS & SOCIETY (Record no. 215712)

MARC details
000 -LEADER
fixed length control field 00493nam a22001577a 4500
008 - FIXED-LENGTH DATA ELEMENTS--GENERAL INFORMATION
fixed length control field 250619b |||||||| |||| 00| 0 eng d
020 ## - INTERNATIONAL STANDARD BOOK NUMBER
International Standard Book Number 978-1-5297-8118-2
100 ## - MAIN ENTRY--PERSONAL NAME
Personal name ISSA, TOMAYESS
245 ## - TITLE STATEMENT
Title MANAGEMENT INFORMATION SYSTEMS: HARNESSING TECHNOLOGIES FOR BUSINESS & SOCIETY
260 ## - PUBLICATION, DISTRIBUTION, ETC.
Place of publication, distribution, etc. LONDON
Name of publisher, distributor, etc. SAGE
Date of publication, distribution, etc. 2024
300 ## - PHYSICAL DESCRIPTION
Extent XX, 328P.
500 ## - GENERAL NOTE
General note INCLUDES BIBLIOGRAPHICAL REFERENCES AND INDEX
650 ## - SUBJECT ADDED ENTRY
Topical term or geographic name entry element MANAGEMENT INFORMATION SYSTEMS
942 ## - ADDED ENTRY ELEMENTS (KOHA)
Source of classification or shelving scheme Library of Congress Classification
Koha item type Long Loan Book
Holdings
Withdrawn status Lost status Source of classification or shelving scheme Damaged status Not for loan Collection Home library Current library Date acquired Inventory number Total checkouts Full call number Barcode Date last seen Copy number Price effective from Koha item type
    Library of Congress Classification     Business & Economics Kisii University Library Kisii University Library 06/19/2025 108419   HD 30.213 .M36 2024 000000021285 06/19/2025 2 06/19/2025 Long Loan Book
    Library of Congress Classification     Business & Economics Kisii University Library Kisii University Library 06/19/2025 108418   HD 30.213 .M36 2024 000000021290 06/19/2025 1 06/19/2025 Long Loan Book